| 000 | 00000nam##2200000za#4500 |
| 001 | 9.612695 |
| 003 | CaOODSP |
| 005 | 20200706133854 |
| 007 | ta |
| 008 | 150406|1995||||xxc||||| f|0| 0 eng|d |
| 020 | |a0-660-15589-3 |
| 022 | |a1200-5223 |
| 040 | |aCaOODSP|beng |
| 043 | |an-cn--- |
| 086 | 1 |aCS11-0019/85E |
| 245 | 00|aAdvanced technology use in Canadian manufacturing establishments / |cby John R. Baldwin and Brent Diverty. |
| 260 | |aOttawa - Ontario : |bStatistics Canada. |c1995. |
| 300 | |a27p. : |breferences, tables ; |c28 cm. |
| 490 | 1 |aResearch paper series|x1200-5223|vNo. 85 |
| 500 | |a"This paper uses micro-data to examine the relationship between the use of technologies at the plant level and the characteristics of these plants."--Summary. |
| 520 | 3 |aThis paper uses micro-data to examine the relationship between the use of technologies at the plant level and the characteristics of these plants.--Summary |
| 563 | |aSoftcover |
| 590 | |a95-50|b1995-12-15 |
| 690 | 07|aManufacturing industry|2gcpds |
| 690 | 07|aTechnological innovation|2gcpds |
| 710 | 2 |aStatistics Canada. |bAnalytical Studies Branch. |
| 720 | 1 |aBaldwin, John R. |
| 720 | 1 |aDiverty, Brent |
| 775 | 08|tUtilisation des technologies de pointe dans les établissements de fabrication / |w(CaOODSP)9.623597 |
| 776 | 0#|tAdvanced technology use in Canadian manufacturing establishments / |w(CaOODSP)9.574578 |
| 830 | #0|aResearch paper series,|x1200-5223|vNo. 85|w(CaOODSP)9.514463 |